Futures Trading Seminar: history and development: principal papers (Record no. 366006)

000 -LEADER
fixed length control field 00472cam a22001457a 4500
008 - FIXED-LENGTH DATA ELEMENTS--GENERAL INFORMATION
fixed length control field 180718b1960 xxu||||| |||| 00| 0 eng d
082 ## - DEWEY DECIMAL CLASSIFICATION NUMBER
Classification number Z468 F989/1
100 ## - MAIN ENTRY--PERSONAL NAME
Personal name Bakken, Henry H....[et. al.]
245 ## - TITLE STATEMENT
Title Futures Trading Seminar: history and development: principal papers
Statement of responsibility, etc. by Henry H. Bakken...[et. al.]
260 ## - PUBLICATION, DISTRIBUTION, ETC.
Place of publication, distribution, etc. Madison
Name of publisher, distributor, etc. Mimir
Date of publication, distribution, etc. 1960
300 ## - PHYSICAL DESCRIPTION
Extent v1, 283p.
650 ## - SUBJECT ADDED ENTRY--TOPICAL TERM
Topical term or geographic name entry element Produce trade --United States
650 ## - SUBJECT ADDED ENTRY--TOPICAL TERM
Topical term or geographic name entry element Short selling
650 ## - SUBJECT ADDED ENTRY--TOPICAL TERM
Topical term or geographic name entry element Commodity exchanges
Holdings
Withdrawn status Lost status Damaged status Not for loan Permanent Location Current Location Date acquired Full call number Barcode Date last seen Price effective from Koha item type
        Indian Institute of Public Administration Indian Institute of Public Administration 1994-04-27 Z468 F989/1 36713 2018-07-21 2018-07-21 Book

Powered by Koha